[Event "Excelsior February U1900"]
[Site "Toronto CAN"]
[Date "2023.02.03"]
[Round "1.21"]
[White "Murali, Dhruv"]
[Black "Momic, Jovan"]
[Result "1-0"]
[WhiteElo "1220"]
[BlackElo "1741"]
[PlyCount "103"]
[EventDate "2023.02.03"]
[EventType "swiss"]
[EventRounds "5"]
[EventCountry "CAN"]

1. b3 d5 2. Bb2 c5 3. e3 Nc6 4. Nf3 a6 5. d4 cxd4 6. Nxd4 Nf6 7. Nxc6 bxc6 8.
c4 e6 9. Nd2 Be7 10. Be2 O-O 11. O-O a5 12. a3 Qb6 13. Qc2 Ba6 14. Bd3 h6 15.
Rac1 Rfb8 16. cxd5 Bxd3 17. Qxd3 cxd5 18. Qc3 Qd8 19. Qd3 Qf8 20. a4 Qd8 21.
Rc2 Qd6 22. h3 Rc8 23. Rfc1 Rxc2 24. Rxc2 Rb8 25. Bxf6 Bxf6 26. Ne4 Qe5 27.
Nxf6+ Qxf6 28. Qc3 Qd8 29. Qc7 Qe8 30. Rc3 Ra8 31. Rc5 Qb8 32. Qxb8+ Rxb8 33.
Rb5 Ra8 34. Rb7 g5 35. Kf1 Kg7 36. Ke2 Kg6 37. g4 Ra6 38. Kd3 f5 39. Kd4 Rc6
40. Rb5 Ra6 41. Kc5 Kf6 42. Rb6 Rxb6 43. Kxb6 e5 44. Kxa5 f4 45. Kb4 e4 46. a5
d4 47. a6 dxe3 48. fxe3 fxe3 49. Kc3 Ke5 50. a7 e2 51. Kd2 e3+ 52. Kxe2 1-0

[Event "Excelsior February U1900"]
[Site "Toronto CAN"]
[Date "2023.02.03"]
[Round "1.22"]
[White "Ajith, Aarush"]
[Black "Anish, Diganth"]
[Result "1-0"]
[WhiteElo "1605"]
[BlackElo "1166"]
[PlyCount "65"]
[EventDate "2023.02.03"]
[EventType "swiss"]
[EventRounds "5"]
[EventCountry "CAN"]

1. d4 Nf6 2. Nf3 d5 3. e3 Bf5 4. b3 e6 5. Bb2 Bd6 6. Bd3 Bg6 7. O-O O-O 8. Ne5
Nbd7 9. f4 Qe7 10. Nc3 c6 11. Ne2 Nb6 12. Ng3 Rad8 13. Qf3 c5 14. f5 exf5 15.
Nxf5 Bxf5 16. Qxf5 Rc8 17. Ng4 Ne4 18. dxc5 Bxc5 19. Rf3 Bd6 20. Rh3 h6 21.
Rxh6 Ng5 22. Bf6 Bxh2+ 23. Kh1 Be5 24. Bxe7 Rfe8 25. Bxg5 g6 26. Nf6+ Kf8 27.
Rxg6 fxg6 28. Nd7+ Kg8 29. Qxg6+ Bg7 30. Bf6 Re7 31. Qh7+ Kf7 32. Qxg7+ Ke6 33.
Qxe7# 1-0

[Event "Excelsior February U1900"]
[Site "Toronto CAN"]
[Date "2023.02.03"]
[Round "1.23"]
[White "Downie, Peter"]
[Black "Dyck, Tim"]
[Result "0-1"]
[WhiteElo "1162"]
[BlackElo "1552"]
[PlyCount "120"]
[EventDate "2023.02.03"]
[EventType "swiss"]
[EventRounds "5"]
[EventCountry "CAN"]

1. e4 c6 2. d4 d5 3. Nc3 dxe4 4. Nxe4 Nf6 5. Ng3 Bg4 6. Be2 Bxe2 7. N1xe2 e6 8.
O-O Bd6 9. c4 O-O 10. c5 Bc7 11. Bf4 Nbd7 12. Qd2 Bxf4 13. Qxf4 Nd5 14. Qf3
N7f6 15. Rfe1 Qc7 16. Ne4 Nxe4 17. Qxe4 Rad8 18. Nc3 Nf6 19. Qe5 Rd7 20. Ne4
Nxe4 21. Qxc7 Rxc7 22. Rxe4 Rd8 23. Rd1 Rcd7 24. f4 a5 25. Rd3 Rd5 26. Rb3 R8d7
27. Kf2 Kf8 28. g4 Rxd4 29. Rxd4 Rxd4 30. Rxb7 Rxf4+ 31. Kg3 Rc4 32. g5 e5 33.
Rb8+ Ke7 34. a3 Rxc5 35. b4 Rc3+ 36. Kg4 Rxa3 37. b5 cxb5 38. Rxb5 Kd6 39. Kf5
Rf3+ 40. Ke4 Rf4+ 41. Ke3 a4 42. Ra5 Ke6 43. Ra6+ Kf5 44. Ra5 f6 45. gxf6 gxf6
46. Ra7 h5 47. Kd3 Rh4 48. Kc3 Rh3+ 49. Kb4 a3 50. Kc5 e4 51. Kd4 Rd3+ 52. Kc4
Kf4 53. Ra5 f5 54. h4 Kg4 55. Kb4 e3 56. Kc4 Rd2 57. Rxa3 e2 58. Re3 f4 59. Re4
Kf3 60. Re5 Rd1 0-1

[Event "Excelsior February U1900"]
[Site "Toronto CAN"]
[Date "2023.02.03"]
[Round "1.24"]
[White "Osler, Brian"]
[Black "Bakradze, Joshua"]
[Result "1-0"]
[WhiteElo "1522"]
[BlackElo "1118"]
[PlyCount "51"]
[EventDate "2023.02.03"]
[EventType "swiss"]
[EventRounds "5"]
[EventCountry "CAN"]

1. d4 d5 2. Bf4 c6 3. e3 Qb6 4. b3 Nf6 5. Bd3 e6 6. Nf3 Nbd7 7. O-O c5 8. c3
Bd6 9. Ne5 Qc7 10. Nxd7 Qxd7 11. dxc5 Bxc5 12. Nd2 Bd6 13. Bxd6 Qxd6 14. c4 e5
15. cxd5 Nxd5 16. Ne4 Qd7 17. Bc4 Nb6 18. Nd6+ Ke7 19. Nxf7 Qxd1 20. Rfxd1 Nxc4
21. Nxh8 Nb6 22. Rac1 Bd7 23. Rc7 Rxh8 24. Rxb7 Ra8 25. a4 Rd8 26. Rxa7 1-0

[Event "Excelsior February U1900"]
[Site "Toronto CAN"]
[Date "2023.02.03"]
[Round "1.25"]
[White "Sreekumar, Gayathri"]
[Black "Cottrell, Deparse"]
[Result "0-1"]
[WhiteElo "977"]
[BlackElo "1517"]
[PlyCount "88"]
[EventDate "2023.02.03"]
[EventType "swiss"]
[EventRounds "5"]
[EventCountry "CAN"]

1. d4 Nf6 2. c4 e6 3. Nf3 d5 4. g3 c5 5. cxd5 exd5 6. Bg2 Be7 7. O-O O-O 8. Nc3
Nc6 9. dxc5 d4 10. Nb5 Bxc5 11. Qc2 Qb6 12. Na3 Be6 13. b3 Nb4 14. Qb2 Ne4 15.
Ne5 Nf6 16. Nac4 Qc7 17. a3 Nc6 18. Bf4 Qc8 19. b4 Nxe5 20. Nxe5 Bb6 21. Rac1
Qe8 22. Bxb7 Rd8 23. Bc6 Qe7 24. Bb5 Bd5 25. e4 Nxe4 26. Rfe1 g5 27. Nc6 Bxc6
28. Bxc6 f5 29. Qb3+ Kg7 30. Bxe4 fxe4 31. Bd2 Qf6 32. Rxe4 Qxf2+ 33. Kh1 Qxd2
34. Re7+ Kh8 35. Rd1 Qf2 36. Qd3 Rf7 37. Re2 Qf3+ 38. Qxf3 Rxf3 39. Kg2 Rxa3
40. Rf1 d3 41. Re7 g4 42. Rff7 Ra2+ 43. Kh1 Ra1+ 44. Kg2 Rg1# 0-1

[Event "Excelsior February U1900"]
[Site "Toronto CAN"]
[Date "2023.02.03"]
[Round "1.26"]
[White "Sottile, Claudio"]
[Black "Chen, Larry Zhou"]
[Result "1-0"]
[WhiteElo "1468"]
[BlackElo "911"]
[PlyCount "65"]
[EventDate "2023.02.03"]
[EventType "swiss"]
[EventRounds "5"]
[EventCountry "CAN"]

1. e4 c6 2. d4 d5 3. exd5 cxd5 4. c4 Nf6 5. Nf3 Bg4 6. Nc3 e6 7. Qa4+ Nbd7 8.
Ne5 Bf5 9. cxd5 exd5 10. Be2 Be7 11. O-O O-O 12. Bf3 Nb6 13. Qb3 Be6 14. Bf4
Rc8 15. Rfe1 Re8 16. a4 Bd6 17. Bg5 Bxe5 18. Rxe5 a5 19. Rae1 Rf8 20. Bxf6 gxf6
21. Rh5 Rc4 22. Qd1 Qd7 23. Qd2 Bf5 24. Qf4 Bg6 25. Rxd5 Nxd5 26. Nxd5 Qd8 27.
Re7 Qd6 28. Qe3 Rfc8 29. g3 Bh5 30. Bxh5 Rc1+ 31. Kg2 Qxd5+ 32. Bf3 Qg5 33. Qb3
1-0

[Event "Excelsior February U1900"]
[Site "Toronto CAN"]
[Date "2023.02.04"]
[Round "2.15"]
[White "Ruchinskaya, Valerie"]
[Black "Osler, Brian"]
[Result "1-0"]
[WhiteElo "1861"]
[BlackElo "1522"]
[PlyCount "115"]
[EventDate "2023.02.03"]
[EventType "swiss"]
[EventRounds "5"]
[EventCountry "CAN"]

1. d4 f5 2. Bg5 h6 3. Bh4 g5 4. Bg3 Nf6 5. e3 e6 6. Bd3 Bd6 7. Ne2 b6 8. Nbc3
Bxg3 9. Nxg3 Bb7 10. f3 Nc6 11. Qe2 Qe7 12. d5 Nb4 13. dxe6 Nxd3+ 14. Qxd3 dxe6
15. O-O-O O-O 16. Qc4 Nd5 17. Rhe1 Nxc3 18. Qxc3 Rad8 19. e4 fxe4 20. Nxe4 Bxe4
21. Rxe4 Rxd1+ 22. Kxd1 Rd8+ 23. Ke2 Qd6 24. Qf6 Qd1+ 25. Kf2 Qd2+ 26. Kg3 Qd6+
27. Kh3 e5 28. Qxe5 Qxe5 29. Rxe5 Rd2 30. Rb5 Rxc2 31. a4 c6 32. Rb4 c5 33. Rb5
Kf7 34. g3 Ke6 35. a5 bxa5 36. Rxa5 Rxb2 37. Rxc5 Rb6 38. Ra5 a6 39. Kg4 Kd6
40. h4 gxh4 41. Kxh4 Kc6 42. f4 Kb7 43. f5 Rf6 44. Kg4 Kb6 45. Ra1 Kb5 46. Kf4
a5 47. Ke5 Rf8 48. f6 a4 49. Ke6 Kb4 50. f7 Ra8 51. Rf1 Ra6+ 52. Kf5 Ra8 53.
Kg6 Ra6+ 54. Kg7 Ra7 55. Kxh6 Ra8 56. f8=Q+ Rxf8 57. Rxf8 a3 58. Ra8 1-0

[Event "Excelsior February U1900"]
[Site "Toronto CAN"]
[Date "2023.02.04"]
[Round "2.17"]
[White "Piccinin, Mario"]
[Black "Murali, Dhruv"]
[Result "1/2-1/2"]
[WhiteElo "1789"]
[BlackElo "1220"]
[PlyCount "158"]
[EventDate "2023.02.03"]
[EventType "swiss"]
[EventRounds "5"]
[EventCountry "CAN"]

1. Nc3 Nf6 2. f4 g6 3. d3 Bg7 4. e4 d6 5. Nf3 Bg4 6. Be2 Nbd7 7. O-O e5 8. f5
O-O 9. Ng5 Bxe2 10. Nxe2 c6 11. fxg6 hxg6 12. Ng3 Nc5 13. h4 Qe7 14. h5 Ne6 15.
Qf3 Nxh5 16. Nxe6 Nxg3 17. Nxf8 Nxf1 18. Nxg6 fxg6 19. Qxf1 Rf8 20. Qe2 Qh4 21.
Be3 Bh6 22. Bf2 Qf4 23. g3 Qg5 24. Kg2 c5 25. b4 b6 26. bxc5 dxc5 27. a4 Qd2
28. Qxd2 Bxd2 29. Rd1 Bc3 30. Rb1 Bd4 31. Be1 Rc8 32. c3 Be3 33. Kf3 Bh6 34. c4
Rd8 35. Ke2 Rd6 36. a5 Bg5 37. g4 Bf4 38. Bh4 g5 39. Bf2 Kf7 40. Rh1 Kg7 41.
Rb1 Rh6 42. Rb3 Kf7 43. Bg1 Ke7 44. axb6 axb6 45. Ra3 Kd7 46. Kf3 Rh3+ 47. Ke2
Rg3 48. Bf2 Rh3 49. Kf1 Kc6 50. Kg2 Rh2+ 51. Kg1 Kb7 52. Rb3 Kc6 53. Ra3 Rh8
54. Kg2 Rf8 55. Ra7 Rd8 56. Ra3 Rd7 57. Kf3 Bc1 58. Rb3 Bf4 59. Ra3 Rf7 60. Kg2
Rh7 61. Rb3 Ra7 62. Kf3 Ra2 63. Rb1 Ra3 64. Ke2 Kc7 65. Be3 Ra2+ 66. Kf3 Rh2
67. Bf2 Rh3+ 68. Ke2 Bg3 69. Be3 Rh2+ 70. Kf3 Bh4 71. Rg1 Rh3+ 72. Ke2 Kc6 73.
Rf1 Rg3 74. Rf6+ Kb7 75. Rf5 Rxg4 76. Rxe5 Rg2+ 77. Kf1 Rg3 78. Ke2 Rg2+ 79.
Kf3 Rg3+ 1/2-1/2

[Event "Excelsior February U1900"]
[Site "Toronto CAN"]
[Date "2023.02.04"]
[Round "2.18"]
[White "Dyck, Tim"]
[Black "Milinkovic, Mate"]
[Result "1/2-1/2"]
[WhiteElo "1552"]
[BlackElo "1780"]
[PlyCount "105"]
[EventDate "2023.02.03"]
[EventType "swiss"]
[EventRounds "5"]
[EventCountry "CAN"]

1. e4 c5 2. Nc3 Nc6 3. Bb5 Nd4 4. Nf3 Nxb5 5. Nxb5 a6 6. Nc3 d6 7. d4 Bg4 8. d5
g6 9. h3 Bxf3 10. Qxf3 Bg7 11. O-O Nf6 12. Re1 Nd7 13. Bd2 O-O 14. Rab1 b5 15.
Nd1 b4 16. Ne3 Qc7 17. Ng4 Ne5 18. Nxe5 Bxe5 19. c3 a5 20. Qd1 Bg7 21. c4 f5
22. exf5 Rxf5 23. Qe2 Raf8 24. Qe6+ R8f7 25. Re2 Kf8 26. b3 R7f6 27. Qe4 Re5
28. Qd3 Rxe2 29. Qxe2 Qd7 30. Re1 Rf5 31. Qg4 Qe8 32. Bg5 Bf6 33. Bf4 Qf7 34.
Re4 Bd4 35. Rxd4 cxd4 36. Bh6+ Kg8 37. Qxd4 Rh5 38. Be3 Qf5 39. Qd1 Qe4 40. Qd2
e5 41. dxe6 Qxe6 42. Qe2 d5 43. cxd5 Rxd5 44. Qf3 Qf5 45. Qg3 Qe5 46. Qf3 Qd6
47. Bf4 Rd1+ 48. Kh2 Qd5 49. Qg4 Qd7 50. Qf3 Rd5 51. Bh6 Qd6+ 52. Bf4 Qe6 53.
Bh6 1/2-1/2

[Event "Excelsior February U1900"]
[Site "Toronto CAN"]
[Date "2023.02.04"]
[Round "2.19"]
[White "Cottrell, Deparse"]
[Black "Desikan, Ajith"]
[Result "1-0"]
[WhiteElo "1517"]
[BlackElo "1764"]
[PlyCount "83"]
[EventDate "2023.02.03"]
[EventType "swiss"]
[EventRounds "5"]
[EventCountry "CAN"]

1. c4 c6 2. e4 d6 3. d4 Nf6 4. Nc3 e6 5. Nf3 Be7 6. Be2 O-O 7. O-O Nbd7 8. e5
Ne8 9. Be3 Qc7 10. Bf4 f6 11. exd6 Bxd6 12. Bxd6 Nxd6 13. c5 Nf5 14. Bc4 Re8
15. Qd3 Kh8 16. Rfe1 Nf8 17. Ne4 Bd7 18. g4 Nh6 19. g5 fxg5 20. Nexg5 Qf4 21.
Qe4 Qf6 22. h4 Re7 23. Re2 Rae8 24. Rae1 Bc8 25. Ne5 Kg8 26. Re3 Nf5 27. Rf3 h6
28. Rxf5 hxg5 29. Rxf6 gxf6 30. Ng6 Rg7 31. Nxf8 gxh4+ 32. Kf1 Kxf8 33. Qxh4
Ke7 34. Qf4 f5 35. Qxf5 Rf8 36. Qe5 Rg6 37. Re3 Rgf6 38. Qd6+ Kf7 39. Qc7+ Kg6
40. Bd3+ Kh6 41. Qh7+ Kg5 42. Rg3+ 1-0

[Event "Excelsior February U1900"]
[Site "Toronto CAN"]
[Date "2023.02.04"]
[Round "2.20"]
[White "Ambilwade, Ojal"]
[Black "Ajith, Aarush"]
[Result "1/2-1/2"]
[WhiteElo "1454"]
[BlackElo "1605"]
[PlyCount "109"]
[EventDate "2023.02.03"]
[EventType "swiss"]
[EventRounds "5"]
[EventCountry "CAN"]

1. c4 c5 2. Nc3 Nc6 3. Nf3 d6 4. e3 Nf6 5. d4 e6 6. Be2 Be7 7. O-O O-O 8. b3 b6
9. Bb2 Bb7 10. a3 a6 11. Qc2 Qc7 12. d5 exd5 13. cxd5 Nb8 14. e4 Nbd7 15. Nb1
Ne8 16. Bd3 h6 17. Nc3 Bf6 18. Rad1 Ne5 19. Be2 Bc8 20. Nxe5 Bxe5 21. Kh1 Qe7
22. f4 Bd4 23. Na4 Bxb2 24. Nxb2 b5 25. a4 bxa4 26. Nxa4 Rb8 27. Nc3 Nf6 28.
Rde1 Rb4 29. Bc4 Ng4 30. Qd3 Qh4 31. Qg3 Qxg3 32. hxg3 f6 33. Nd1 a5 34. Nf2
Nxf2+ 35. Rxf2 a4 36. Rc1 axb3 37. Rb2 Re8 38. Bd3 Rd4 39. Rxb3 Bg4 40. Bb1 Ra8
41. Bd3 Raa4 42. Rb8+ Kf7 43. Rb7+ Kf8 44. Rb8+ Ke7 45. Rb7+ Kf8 46. Rb8+ Kf7
47. Bb5 Ra7 48. e5 dxe5 49. fxe5 fxe5 50. Rf1+ Ke7 51. Re8+ Kd6 52. Rd8+ Kc7
53. Rg8 Kb6 54. Rb8+ Kc7 55. Rg8 1/2-1/2

[Event "Excelsior February U1900"]
[Site "Toronto CAN"]
[Date "2023.02.04"]
[Round "2.21"]
[White "Shah, Omar"]
[Black "Basi, Karandeep"]
[Result "1-0"]
[WhiteElo "1778"]
[BlackElo "1426"]
[PlyCount "47"]
[EventDate "2023.02.03"]
[EventType "swiss"]
[EventRounds "5"]
[EventCountry "CAN"]

1. Nf3 Nf6 2. b3 g6 3. Bb2 Bg7 4. c4 O-O 5. e3 c5 6. Be2 Nc6 7. O-O d6 8. a3 a6
9. d4 cxd4 10. exd4 Bd7 11. d5 Na7 12. a4 b5 13. axb5 axb5 14. Bd4 Qb8 15. Nc3
bxc4 16. bxc4 Nc8 17. Qd2 Rxa1 18. Rxa1 e6 19. Rb1 Qc7 20. Nb5 Bxb5 21. Rxb5
Ne7 22. Qb2 Ra8 23. Rb7 Qd8 24. Bxf6 1-0

[Event "Excelsior February U1900"]
[Site "Toronto CAN"]
[Date "2023.02.04"]
[Round "2.22"]
[White "Momic, Jovan"]
[Black "Uyanik, Mehmet"]
[Result "1-0"]
[WhiteElo "1741"]
[BlackElo "1290"]
[PlyCount "75"]
[EventDate "2023.02.03"]
[EventType "swiss"]
[EventRounds "5"]
[EventCountry "CAN"]

1. d4 Nf6 2. c4 e6 3. Nf3 b6 4. g3 Bb7 5. Bg2 Bb4+ 6. Bd2 Be7 7. O-O O-O 8. Nc3
d5 9. cxd5 Nxd5 10. Rc1 c5 11. dxc5 Bxc5 12. a3 Nd7 13. b4 Bd6 14. Nb5 Be7 15.
Re1 a6 16. Nbd4 Rc8 17. Qb3 Bf6 18. Rxc8 Qxc8 19. Rc1 Qa8 20. e4 Ne7 21. Nxe6
Rc8 22. Neg5 Rxc1+ 23. Bxc1 Qe8 24. Bh3 Ng6 25. Nxf7 Kf8 26. Nd6 Qe7 27. Nxb7
Nde5 28. Nxe5 Nxe5 29. Qd5 Qc7 30. Bf4 Nf3+ 31. Kf1 Qc3 32. Bd6+ Be7 33. Bxe7+
Kxe7 34. Qe6+ Kf8 35. Qd6+ Ke8 36. Bd7+ Kf7 37. Qe6+ Kf8 38. Qe8# 1-0

[Event "Excelsior February U1900"]
[Site "Toronto CAN"]
[Date "2023.02.04"]
[Round "2.23"]
[White "Bakradze, Joshua"]
[Black "El Habboub, Hicham"]
[Result "1/2-1/2"]
[WhiteElo "1118"]
[BlackElo "1444"]
[PlyCount "102"]
[EventDate "2023.02.03"]
[EventType "swiss"]
[EventRounds "5"]
[EventCountry "CAN"]

1. e4 e5 2. Nf3 Nc6 3. Bb5 Bc5 4. c3 Nf6 5. O-O O-O 6. d4 exd4 7. cxd4 Bb4 8.
a3 Ba5 9. Bg5 d6 10. Qa4 Bb6 11. Bxc6 bxc6 12. e5 h6 13. Bh4 g5 14. Nxg5 Ne4
15. Nxe4 Qxh4 16. Nf6+ Kg7 17. Nd2 dxe5 18. Qxc6 Ba6 19. Nd7 Bxf1 20. Nf3 Qg4
21. Nfxe5 Qe6 22. Qxe6 fxe6 23. Nxf8 Rxf8 24. Rxf1 Bxd4 25. Nc4 a5 26. g3 Rf5
27. Ne3 Rb5 28. Rb1 h5 29. Kg2 a4 30. Nc2 Bxb2 31. Nd4 Rb6 32. Nxe6+ Kf6 33.
Nxc7 Ke5 34. Re1+ Kd4 35. f3 Kc4 36. Re4+ Kb3 37. Re3+ Ka2 38. Nd5 Rb3 39. Rxb3
Kxb3 40. Nb6 Kxa3 41. Nxa4 Kxa4 42. g4 Kb5 43. Kh3 Bf6 44. f4 hxg4+ 45. Kxg4
Kc6 46. Kf5 Bh8 47. Ke6 Kc7 48. Ke7 Kc6 49. f5 Kd5 50. f6 Ke5 51. f7 Bg7
1/2-1/2

[Event "Excelsior February U1900"]
[Site "Toronto CAN"]
[Date "2023.02.04"]
[Round "2.24"]
[White "Chen, Larry Zhou"]
[Black "Sreekumar Maliekal, Balakrishnan"]
[Result "1-0"]
[WhiteElo "911"]
[BlackElo "1401"]
[PlyCount "106"]
[EventDate "2023.02.03"]
[EventType "swiss"]
[EventRounds "5"]
[EventCountry "CAN"]

1. Nf3 Nf6 2. d4 g6 3. c4 Bg7 4. Nc3 O-O 5. Bf4 d6 6. Qd2 c5 7. e3 Nbd7 8. Be2
Nh5 9. Bg3 Nb6 10. Rd1 Bg4 11. b3 Rc8 12. O-O Nxg3 13. hxg3 Nd7 14. Nh4 f5 15.
Nf3 Bh6 16. Qc2 Qe8 17. Nh2 Bxe2 18. Qxe2 Nf6 19. f4 Bg7 20. Qf3 Qc6 21. Rfe1
a6 22. dxc5 dxc5 23. Qxc6 Rxc6 24. Nd5 Nxd5 25. Rxd5 Rff6 26. Rd7 Kf7 27. Rxb7
Rfd6 28. Kf1 Bc3 29. Re2 Rd1+ 30. Kf2 Rcd6 31. Nf3 h6 32. a3 Ra1 33. b4 Rdd1
34. Rc2 cxb4 35. axb4 Be1+ 36. Nxe1 Rxe1 37. c5 Rf1+ 38. Ke2 Rae1+ 39. Kd3 Rd1+
40. Kc4 Ke6 41. Rb6+ Kf7 42. Rxa6 Rc1 43. Raa2 Rfe1 44. Kd3 Rb1 45. Rab2 Rbd1+
46. Rd2 Rc1 47. Kd4 Ke6 48. b5 Kd7 49. Ke5+ Kc7 50. b6+ Kc6 51. b7 Rxe3+ 52.
Kd4 Re4+ 53. Kd3 Kd5 1-0

[Event "Excelsior February U1900"]
[Site "Toronto CAN"]
[Date "2023.02.04"]
[Round "2.25"]
[White "Naiboglu, Onur"]
[Black "Downie, Peter"]
[Result "0-1"]
[WhiteElo "1321"]
[BlackElo "1162"]
[PlyCount "107"]
[EventDate "2023.02.03"]
[EventType "swiss"]
[EventRounds "5"]
[EventCountry "CAN"]

1. e4 d5 2. exd5 Qxd5 3. Nc3 Qa5 4. Nf3 Bg4 5. d4 Nf6 6. Bc4 Ne4 7. Qd3 Nxc3 8.
bxc3 Qf5 9. Qxf5 Bxf5 10. Bf4 c6 11. Kd2 h6 12. Rab1 b5 13. Bb3 e6 14. Rhe1 Ba3
15. d5 O-O 16. dxe6 Bxe6 17. Bxe6 fxe6 18. Bxb8 Rd8+ 19. Ke2 Raxb8 20. Kf1 Rd6
21. Rbd1 Rbd8 22. Rxd6 Rxd6 23. Ke2 Bb2 24. c4 bxc4 25. Rb1 c3 26. Ke3 Kf8 27.
Ke2 Ke7 28. Rd1 Rxd1 29. Kxd1 Kd6 30. Ke2 Kd5 31. Kd3 c5 32. g4 c4+ 33. Ke2 g5
34. h4 Bc1 35. hxg5 hxg5 36. Ne1 e5 37. Ng2 Ke4 38. Ne1 Bf4 39. Kd1 a5 40. a3
Bd2 41. Ke2 Bxe1 42. Kxe1 Kf3 43. Kf1 e4 44. Ke1 Kxg4 45. Kf1 Kf3 46. Ke1 e3
47. fxe3 Kxe3 48. Kd1 Kf2 49. Kc1 g4 50. Kb1 g3 51. Ka1 g2 52. Kb1 g1=Q+ 53.
Ka2 Qc1 54. a4 0-1

[Event "Excelsior February U1900"]
[Site "Toronto CAN"]
[Date "2023.02.04"]
[Round "2.26"]
[White "Yang, Albert"]
[Black "Sreekumar, Gayathri"]
[Result "1-0"]
[WhiteElo "1221"]
[BlackElo "977"]
[PlyCount "111"]
[EventDate "2023.02.03"]
[EventType "swiss"]
[EventRounds "5"]
[EventCountry "CAN"]

1. Nf3 Nf6 2. g3 g6 3. Bg2 Bg7 4. d4 O-O 5. c4 d6 6. O-O Nbd7 7. Nc3 e5 8. e3
a5 9. a4 Ne8 10. Re1 f5 11. dxe5 dxe5 12. e4 f4 13. gxf4 exf4 14. e5 Qe7 15.
Nd5 Qc5 16. b3 Qa7 17. Bxf4 c6 18. Be3 Qb8 19. Ne7+ Kh8 20. Bd4 Nc7 21. Bh3 Rd8
22. Bc3 Re8 23. Nxc8 Rxc8 24. Qxd7 Rd8 25. Qg4 Rd3 26. Rac1 Qf8 27. Kg2 Ne6 28.
Re4 h5 29. Qg3 Ng5 30. Re3 Rxe3 31. fxe3 Nxh3 32. Qxh3 Qe8 33. Rd1 Bh6 34. e6+
Kg8 35. e4 g5 36. Qg3 Qxe6 37. Nxg5 Bxg5 38. Qxg5+ Kf7 39. Qxh5+ Ke7 40. Qh7+
Ke8 41. Qh8+ Ke7 42. Qg7+ Ke8 43. e5 Qf5 44. Rf1 Qe4+ 45. Kg1 Qe3+ 46. Kh1 Qe4+
47. Qg2 Qxg2+ 48. Kxg2 Kd7 49. Kf3 Rf8+ 50. Ke2 Re8 51. Rf7+ Kc8 52. Ke3 Rh8
53. Kd4 Rxh2 54. Bxa5 Rb2 55. e6 Rxb3 56. Rf8# 1-0

[Event "Excelsior February U1900"]
[Site "Toronto CAN"]
[Date "2023.02.04"]
[Round "3.15"]
[White "Supsup, Ferdinand"]
[Black "Ruchinskaya, Valerie"]
[Result "0-1"]
[WhiteElo "1794"]
[BlackElo "1861"]
[PlyCount "106"]
[EventDate "2023.02.03"]
[EventType "swiss"]
[EventRounds "5"]
[EventCountry "CAN"]

1. d4 d5 2. Nf3 Nf6 3. c3 c5 4. dxc5 a5 5. b4 e6 6. e3 b6 7. Bb5+ Bd7 8. Bxd7+
Nfxd7 9. cxb6 axb4 10. O-O Qxb6 11. Bb2 Nf6 12. Nbd2 bxc3 13. Bxc3 Nbd7 14. Qe2
Bd6 15. Rfb1 Qa6 16. Qxa6 Rxa6 17. Rb7 Ke7 18. a4 Rc8 19. Be5 Ne8 20. Kf1 f6
21. Bxd6+ Nxd6 22. Rb4 Rca8 23. Nb3 Ne4 24. Nfd4 Nec5 25. Ke2 Rxa4 26. Raxa4
Rxa4 27. Rb5 Ne4 28. Ke1 Nd6 29. Ra5 Rxa5 30. Nxa5 Nc5 31. f3 e5 32. Ndb3 Nxb3
33. Nxb3 Nc4 34. Ke2 Kd6 35. g4 Kc6 36. h4 Kb5 37. g5 Nd6 38. f4 Nf5 39. h5
Ng3+ 40. Kf3 Nxh5 41. gxf6 gxf6 42. fxe5 fxe5 43. Kg4 Ng7 44. Nd2 Kc5 45. Kg5
Kd6 46. e4 h5 47. exd5 Kxd5 48. Nf3 e4 49. Ng1 Kd4 50. Ne2+ Kd3 51. Nf4+ Kd2
52. Kg6 e3 53. Kxg7 e2 0-1

[Event "Excelsior February U1900"]
[Site "Toronto CAN"]
[Date "2023.02.04"]
[Round "3.16"]
[White "Milinkovic, Mate"]
[Black "Cottrell, Deparse"]
[Result "1-0"]
[WhiteElo "1780"]
[BlackElo "1517"]
[PlyCount "79"]
[EventDate "2023.02.03"]
[EventType "swiss"]
[EventRounds "5"]
[EventCountry "CAN"]

1. d4 Nf6 2. c4 e6 3. Nc3 Bb4 4. Qc2 c5 5. dxc5 Bxc5 6. Nf3 Nc6 7. e3 O-O 8.
Be2 d5 9. cxd5 Nxd5 10. Nxd5 Qxd5 11. O-O Bb6 12. Rd1 Qc5 13. Qxc5 Bxc5 14. Bd2
e5 15. Bc3 Bg4 16. h3 Bxf3 17. Bxf3 f6 18. Rd7 Rab8 19. a3 Rfd8 20. Rad1 Rxd7
21. Rxd7 Nd8 22. b4 Bf8 23. a4 a6 24. Bd5+ Kh8 25. b5 axb5 26. axb5 b6 27. e4
Bc5 28. Kf1 h5 29. Ke2 Kh7 30. g3 Kh6 31. h4 Rc8 32. f4 Bg1 33. Bd2 exf4 34.
gxf4 Rc5 35. Rxd8 Rxb5 36. f5+ Kh7 37. Bg8+ Kh8 38. Bc4+ Kh7 39. Bg8+ Kh8 40.
Bc4+ 1-0

[Event "Excelsior February U1900"]
[Site "Toronto CAN"]
[Date "2023.02.04"]
[Round "3.17"]
[White "Ajith, Aarush"]
[Black "Piccinin, Mario"]
[Result "0-1"]
[WhiteElo "1605"]
[BlackElo "1789"]
[PlyCount "132"]
[EventDate "2023.02.03"]
[EventType "swiss"]
[EventRounds "5"]
[EventCountry "CAN"]

1. d4 f5 2. e4 fxe4 3. Nc3 Nf6 4. Bg5 c6 5. Bxf6 exf6 6. Nxe4 d5 7. Ng3 g6 8.
Nf3 Bh6 9. Bd3 O-O 10. O-O Bg4 11. h3 Be6 12. Re1 Bf7 13. c3 Nd7 14. Nh2 f5 15.
Nf3 Nf6 16. Ne5 Ne4 17. Bxe4 fxe4 18. Qg4 Bg7 19. Nd7 Re8 20. Nc5 b6 21. Nb3
Be6 22. Qd1 Bh6 23. Nd2 Bf4 24. Ndf1 Qg5 25. Ne2 e3 26. Nxf4 exf2+ 27. Kxf2
Qxf4+ 28. Qf3 Qh4+ 29. Qg3 Rf8+ 30. Ke2 Qh6 31. Qe3 Qxe3+ 32. Kxe3 Rae8 33. Kd2
Rf2+ 34. Kc1 Rxg2 35. Ne3 Rg3 36. Ng4 Kg7 37. Ne5 Bxh3 38. Kd2 Bf5 39. Re2 c5
40. Rc1 Be4 41. Rf1 Bf5 42. Rc1 c4 43. Rh1 h5 44. Rf2 a6 45. Re2 Re7 46. Rf2 b5
47. a3 Re6 48. Re2 Bg4 49. Rf2 Rf6 50. Nxg4 Rxg4 51. Re2 Re4 52. Rxe4 dxe4 53.
Ke3 Re6 54. Rh2 Kh6 55. Rf2 g5 56. Rf8 Kg7 57. Rf5 Kg6 58. Rf8 h4 59. Rf2 g4
60. Rf4 Kg5 61. Rf8 g3 62. Rg8+ Rg6 63. Rh8 Kg4 64. d5 g2 65. Kf2 h3 66. Rh7
e3+ 0-1

[Event "Excelsior February U1900"]
[Site "Toronto CAN"]
[Date "2023.02.04"]
[Round "3.18"]
[White "Murali, Dhruv"]
[Black "Dyck, Tim"]
[Result "1-0"]
[WhiteElo "1220"]
[BlackElo "1552"]
[PlyCount "91"]
[EventDate "2023.02.03"]
[EventType "swiss"]
[EventRounds "5"]
[EventCountry "CAN"]

1. b3 e5 2. Bb2 Nc6 3. e3 d5 4. Bb5 Bd6 5. f4 Bd7 6. Bxc6 Bxc6 7. fxe5 Bf8 8.
d4 Qg5 9. Qf3 O-O-O 10. Ne2 Nh6 11. Nbc3 Nf5 12. Nf4 Bb4 13. O-O-O Bxc3 14.
Bxc3 b6 15. Rde1 Kb8 16. Qh5 Qxh5 17. Nxh5 Rhg8 18. Rhf1 Nh6 19. h3 Be8 20. g4
Bd7 21. Rf3 Nxg4 22. hxg4 Bxg4 23. Rxf7 Bxh5 24. Rf4 Rdf8 25. Ref1 Rxf4 26.
exf4 Bg6 27. f5 Rf8 28. f6 gxf6 29. Bb4 c5 30. dxc5 f5 31. cxb6 Re8 32. Bd6+
Kb7 33. bxa7 Kxa7 34. Rd1 Bf7 35. Rd4 Rg8 36. Rh4 Bg6 37. e6 Kb7 38. e7 Kc6 39.
Ba3 Ra8 40. Kb2 Kd7 41. c4 dxc4 42. Rxc4 Rc8 43. Rd4+ Ke8 44. Rd6 Ra8 45. Rf6
Rc8 46. Rf8+ 1-0

[Event "Excelsior February U1900"]
[Site "Toronto CAN"]
[Date "2023.02.04"]
[Round "3.19"]
[White "Desikan, Ajith"]
[Black "Ambilwade, Ojal"]
[Result "0-1"]
[WhiteElo "1764"]
[BlackElo "1454"]
[PlyCount "138"]
[EventDate "2023.02.03"]
[EventType "swiss"]
[EventRounds "5"]
[EventCountry "CAN"]

1. d4 Nf6 2. Bf4 d5 3. e3 Bf5 4. Nf3 e6 5. Bd3 Bxd3 6. cxd3 Bd6 7. Ne5 Nbd7 8.
Qa4 O-O 9. Nc3 Nb6 10. Qd1 Nfd7 11. Qg4 Qf6 12. Bg5 Nxe5 13. dxe5 Qxe5 14. Bf4
Qf6 15. O-O Bxf4 16. exf4 Qg6 17. Qe2 c6 18. d4 Nc4 19. Rac1 Nd6 20. Rfe1 Nf5
21. Red1 Qf6 22. Qd3 Nd6 23. g3 Nc4 24. Qe2 Rac8 25. Na4 b6 26. Rc3 Rc7 27. Qd3
Rfc8 28. Rdc1 Nd6 29. f3 Nb5 30. Rd1 Nxc3 31. Nxc3 b5 32. a4 a6 33. b4 Qe7 34.
Rb1 Qf6 35. a5 Qg6 36. Qxg6 hxg6 37. Ne2 f6 38. Re1 Kf7 39. Nc1 Re7 40. Nd3
Rce8 41. Nc5 e5 42. fxe5 fxe5 43. Rd1 exd4 44. Rxd4 Re1+ 45. Kg2 Ra8 46. Kf2
Rc1 47. Ke3 Rc4 48. h4 Ke7 49. g4 Kd6 50. Nb3 Kc7 51. Nc5 Kb8 52. Rf4 Rxf4 53.
Kxf4 Ka7 54. Kg5 Rf8 55. f4 Rf6 56. Nd7 Rd6 57. Nc5 d4 58. Nd3 Kb7 59. h5 gxh5
60. Kxh5 Rh6+ 61. Kg5 Rh3 62. Nc5+ Kc8 63. Kg6 d3 64. Nb3 Rh2 65. Kxg7 d2 66.
Nxd2 Rxd2 67. f5 Rg2 68. f6 Rxg4+ 69. Kf8 Rxb4 0-1